| 000 | 00549nam a2200205 a 4500 | ||
|---|---|---|---|
| 001 | BRCA_3954 | ||
| 005 | 20190320204505.0 | ||
| 008 | 130110s1958----gw-a######---#000-0#ger-# | ||
| 041 | _ager | ||
| 044 | _agw | ||
| 050 | 4 |
_aTX815 _b.B44 1958 |
|
| 100 | 1 |
_aBeek, Curt Cranzlein in der _910283 |
|
| 245 | 1 | 0 |
_aDie Scharfen und die sussen Sachen _cCurt Cranzlein in der Beek. |
| 260 |
_aStuttgart _bE. Wancura _c1958 |
||
| 300 |
_a159 p. _bil. _c19 cm. |
||
| 500 | _aCDE13 | ||
| 650 | 1 | 4 |
_aBebidas alcohólicas _910284 |
| 902 | _aGFM | ||
| 942 |
_2lcc _cB |
||
| 999 |
_c3681 _d3681 |
||